000
00217nam a22000857a 4500
008
160928b xxu||||| |||| 00| 0 eng d
100
_9
813
_a
Ridout.C.J.
245
_a
English-1
260
_a
New Delhi
_b
B-son Publications
_c
2011
999
_c
3467
_d
3467